000 00740nam a2200229 a 4500
001 000024935
003 DO-SdBNP
005 20240927073748.0
008 100916s1995 dr r 000 0 spa d
040 _aDO-SdBNP
_bspa
_cBNPHU
082 _aRD860.9
_bB171p, 1995
100 1 _a Balaguer, Joaquín,
_d1906-2002
_976556
245 1 4 _aLos próceres escritores /
_cJoaquín Balaguer.
250 _a5a. ed.
260 _aSanto Domingo :
_bCorripio,
_c1995.
300 _a309 p. ;
_c21 cm.
500 _aIncluye referencias bibliográficas y notas al pie de las páginas
590 _aInventariado, 2018/BT
650 1 4 _aLiteratura dominicana
_xHistoria y crítica
_9159
910 _aValidado. Control de calidad. MFF
942 _2ddc
_cLBS1
999 _c24428
_d24428